LEADER 01842oam 2200541M 450 001 9910716701103321 005 20210706140453.0 035 $a(CKB)5470000002523150 035 $a(OCoLC)1065642206 035 $a(OCoLC)995470000002523150 035 $a(EXLCZ)995470000002523150 100 $a20071213d1926 ua 0 101 0 $aeng 135 $aurcn||||||||| 181 $ctxt$2rdacontent 182 $cc$2rdamedia 183 $acr$2rdacarrier 200 10$aSalaries of Indian policemen in Alaska. April 22, 1926. -- Committed to the Committee of the Whole House and ordered to be printed 210 1$a[Washington, D.C.] :$c[U.S. Government Printing Office],$d1926. 215 $a1 online resource (3 pages) 225 1 $aHouse report / 69th Congress, 1st session. House ;$vno. 958 225 1 $a[United States congressional serial set] ;$v[serial no. 8536.] 300 $aBatch processed record: Metadata reviewed, not verified. Some fields updated by batch processes. 300 $aFDLP item number not assigned. 606 $aClaims 606 $aLegislative amendments 606 $aWages 606 $aIndians 606 $aIndigenous peoples 606 $aPolice 608 $aLegislative materials.$2lcgft 615 0$aClaims. 615 0$aLegislative amendments. 615 0$aWages. 615 0$aIndians. 615 0$aIndigenous peoples. 615 0$aPolice. 701 $aCarpenter$b Edmund Nelson$f1865-1952$pRepublican (PA)$01389402 801 0$bWYU 801 1$bWYU 801 2$bOCLCO 801 2$bOCLCQ 801 2$bOCLCO 801 2$bOCLCQ 906 $aBOOK 912 $a9910716701103321 996 $aSalaries of Indian policemen in Alaska. April 22, 1926. -- Committed to the Committee of the Whole House and ordered to be printed$93545200 997 $aUNINA